| 000 | 00557nam a22001937a 4500 | ||
|---|---|---|---|
| 005 | 20251108173637.0 | ||
| 008 | 250721s2006 xx 000 0 ara d | ||
| 020 | _a9953292884 | ||
| 082 | 1 | 4 | _aط/666.7/صلص |
| 245 | 1 | 0 | _aالصلصال / |
| 264 | 1 |
_aبيروت : _bالدار العربية للعلوم، _c2006. |
|
| 300 | _a32ص | ||
| 490 | 0 | _aلنتعرف إلى المواد الأولية | |
| 650 | 1 | 7 | _aالخزف |
| 650 | 1 | 7 | _aالزخرفة |
| 653 | _aناشاون صغار ( 10 - 14 سنه ) | ||
| 942 |
_2ddc _cBK |
||
| 999 |
_c108858 _d108858 |
||